Cestovanie za oddychom, prácou a poznaním
Z obsahu prílohy: Príjmy z cestovného ruchu sú vzdialené od možností. Dotácie cestovnému ruchu pomôžu, ale nie sú jeho jedinou záchranou. Informačné zdroje, ktoré sa zaoberajú problematikou cestovného ruchu. Finančná podpora rozvoja cestovného ruchu cez Slovenskú záručnú banku. Európska akčná skupin...
Uložené v:
| Médium: | Kapitola |
|---|---|
| Jazyk: | Slovak |
| Predmet: | |
| Tagy: |
Žiadne tagy, Buďte prvý, kto otaguje tento záznam!
|
MARC
| LEADER | 00000naa a2200000 4500 | ||
|---|---|---|---|
| 001 | r018672 | ||
| 005 | 20221213100741.0 | ||
| 041 | 0 | |a slo | |
| 044 | |a SK | ||
| 245 | 1 | 0 | |a Cestovanie za oddychom, prácou a poznaním |
| 520 | |a Z obsahu prílohy: Príjmy z cestovného ruchu sú vzdialené od možností. Dotácie cestovnému ruchu pomôžu, ale nie sú jeho jedinou záchranou. Informačné zdroje, ktoré sa zaoberajú problematikou cestovného ruchu. Finančná podpora rozvoja cestovného ruchu cez Slovenskú záručnú banku. Európska akčná skupina pre cestovný ruch. | ||
| 610 | 2 | 0 | |a ruch cestovný |
| 610 | 2 | 0 | |a financovanie |
| 610 | 2 | 0 | |a dotácie |
| 610 | 2 | 0 | |a príjmy |
| 610 | 2 | 0 | |a turistika |
| 610 | 2 | 0 | |a Slovensko |